000 00663nam a2200241Ia 4500
003 OSt
005 20250602151436.0
008 210719s2011 xx 000 0 und d
020 _a9789350510742
040 _cAL
041 _aeng
082 _a338.954 MISI
100 _aMISRA (S K);PURI (V K)
_9212350
245 _aIndian economy: its development experience Rev Ed 29
250 _a29
260 _aMumbai
_bHimalaya Publishing House
_c2011
300 _axxix,826
_bPB
365 _b475
_cRs
650 _aEconomics
_9212351
650 _aIndian Economics
_9212352
906 _adevelopment ; economy: ; experience ; Indian ; its
942 _2ddc
_cBK
999 _c215347
_d215347